| 000 | 00397nam a22001337a 4500 | ||
|---|---|---|---|
| 020 | _qPB. | ||
| 040 | _cFIZZA ISHAQ | ||
| 082 |
_a297.12 _bMAJ |
||
| 100 |
_aKHAN,AKBAR MUHAMMAD GERNAL MAJOR. _9133210 |
||
| 245 |
_aHADES E DEFA / _cMAJOR GENERAL MUHAMMAD AKBAR KHAN. |
||
| 260 |
_aGHQ,RAWALPINDI ISLAMABAD PAKISTAN ; _bSERVICE BOOK CLUB, _c2010. |
||
| 300 |
_a336 P. ; _c8.4X5.2IN |
||
| 942 |
_2ddc _cBK |
||
| 999 |
_c616204 _d616204 |
||